Managing risk and marginalizing identities: on the society-of-captives thesis and the harm of social dis-ease

Saved in:  
Bibliographic Details
Main Author: Arrigo, Bruce A. 1960- (Author)
Format: Electronic Article
Language:English
Published: 2013
In: International journal of offender therapy and comparative criminology
Year: 2013, Volume: 57, Issue: 6, Pages: 672-693
Online Access: Volltext (Resolving-System)
Check availability: HBZ Gateway
Keywords:

MARC

LEADER 00000caa a22000002c 4500
001 1523589868
003 DE-627
005 20230426083042.0
007 cr uuu---uuuuu
008 151222s2013 xx |||||o 00| ||eng c
024 7 |a 10.1177/0306624X13480634  |2 doi 
035 |a (DE-627)1523589868 
035 |a (DE-576)453589863 
035 |a (DE-599)BSZ453589863 
040 |a DE-627  |b ger  |c DE-627  |e rakwb 
041 |a eng 
100 1 |a Arrigo, Bruce A.  |d 1960-  |0 (DE-588)132409267  |0 (DE-627)522678734  |0 (DE-576)175599122  |4 aut 
109 |a Arrigo, Bruce A. 1960-  |a Arrigo, Bruce 1960- 
245 1 0 |a Managing risk and marginalizing identities  |b on the society-of-captives thesis and the harm of social dis-ease  |c Bruce A. Arrigo 
264 1 |c 2013 
336 |a Text  |b txt  |2 rdacontent 
337 |a Computermedien  |b c  |2 rdamedia 
338 |a Online-Ressource  |b cr  |2 rdacarrier 
773 0 8 |i In  |t International journal of offender therapy and comparative criminology  |d London [u.a.] : Sage Publ., 1972  |g 57(2013), 6, Seite 672-693  |h Online-Ressource  |w (DE-627)325163286  |w (DE-600)2034467-3  |w (DE-576)094533156  |x 1552-6933  |7 nnas 
773 1 8 |g volume:57  |g year:2013  |g number:6  |g pages:672-693 
856 4 0 |u http://dx.doi.org/10.1177/0306624X13480634  |x Resolving-System  |3 Volltext  |7 1 
951 |a AR 
ELC |a 1 
LOK |0 000 xxxxxcx a22 zn 4500 
LOK |0 001 2876597675 
LOK |0 003 DE-627 
LOK |0 004 1523589868 
LOK |0 005 20151222095213 
LOK |0 008 151222||||||||||||||||ger||||||| 
LOK |0 040   |a DE-21-110  |c DE-627  |d DE-21-110 
LOK |0 689   |a s  |a Society's captivity 
LOK |0 689   |a s  |a Self/society mutuality 
LOK |0 689   |a s  |a Human risk management 
LOK |0 689   |a s  |a Clinical praxis 
LOK |0 689   |a s  |a Institutional recovery and community reentry 
LOK |0 852   |a DE-21-110 
LOK |0 852 1  |9 00 
LOK |0 939   |a 22-12-15  |b l01 
ORI |a SA-MARC-krimdoka001.raw